000 00311nam a22001337a 4500
008 170727b xxu||||| |||| 00| 0 eng d
020 _a9780762102419
041 _aeng
080 _a004
100 _a31
101 _aSHK
245 _aHOW TO DO JUST ABOUT ANYTHING ON A COMPUTER
_cDIGEST,R
942 _2udc
_cBK
999 _c22043
_d22043